Talk like TED : The 9 public-speaking secrets of the world's top minds

Public speaking coach and bestselling author Carmine Gallo has broken down hundreds of TED talks and interviewed the most popular TED presenters, as well as the top researchers in the fields of psychology, communications, and neuroscience to reveal the nine secrets of all successful TED presentation...

Descrición completa

Gardado en:
Detalles Bibliográficos
Autor Principal: Gallo, Carmine
Formato: Libro
Idioma:Undetermined
Publicado: New York NY Macmillan Audio 2014
Những chủ đề:
Các nhãn: Engadir etiqueta
Sen Etiquetas, Sexa o primeiro en etiquetar este rexistro!
Thư viện lưu trữ: Trung tâm Học liệu Trường Đại học Cần Thơ
LEADER 01021nam a2200205Ia 4500
001 CTU_231341
008 210402s9999 xx 000 0 und d
082 |a 658.4​52 
082 |b G172 
100 |a Gallo, Carmine 
245 0 |a Talk like TED : 
245 4 |b The 9 public-speaking secrets of the world's top minds 
245 0 |c Carmine Gallo. 
260 |a New York 
260 |b NY Macmillan Audio 
260 |c 2014 
520 |a Public speaking coach and bestselling author Carmine Gallo has broken down hundreds of TED talks and interviewed the most popular TED presenters, as well as the top researchers in the fields of psychology, communications, and neuroscience to reveal the nine secrets of all successful TED presentations. Gallo's step-by-step method makes it possible for anyone to deliver a presentation that is engaging, persuasive, and memorable. 
650 |a Thuyết trình kinh doanh,Business presentations 
910 |a Tuyến 
980 |a Trung tâm Học liệu Trường Đại học Cần Thơ